00693 a2200193 450000500170000000800410001702000180005804000510007604100080012710000250013524500560016026000630021630000530027950400530033265000270038565000310041265000240044365000320046720140903175020.0140204s2010 xxuao fr|||| 001 0 eng d a9780199604395 aCO-BoUCMbspacJose A. GerenadDiana Londoño aeng1 aCallahan, William A.10aChinabthe pessoptimist nationcWilliam A. Callahan bOxford University pressaNueva York (Estados Unidos)c2010 axvi, 266 páginasbilustraciones, fotografías aIncluye referencias bibliográficas e índices 7aHistoria socialzChina 7aOpinión públicazChina 7aCiencia política  7aRelaciones internacionales